Normal view
MARC view
Entry Topical Term
001 - CONTROL NUMBER
- control field: 27804
003 - CONTROL NUMBER IDENTIFIER
- control field: OSt
005 - DATE AND TIME OF LATEST TRANSACTION
- control field: 20210929120108.0
008 - FIXED-LENGTH DATA ELEMENTS
- fixed length control field: 210929|| aca||aabn | a|a d
040 ## - CATALOGING SOURCE
- Original cataloging agency: OSt
- Transcribing agency: OSt
150 ## - HEADING--TOPICAL TERM
- Topical term or geographic name entry element: disinformation, Fake news, Information crisis, Lay informatics, Misinformation, Pseudo-information, Publics, Social media
670 ## - SOURCE DATA FOUND
- Source citation: Work cat.: (OSt): Kim, Jeong Nam Zuniga, Homero Gil De 27803, Pseudo-information, media, publics, and the failing marketplace of ideas: Theory
